<?xml version="1.0" encoding="UTF-8"?>
<record
    xmlns:xsi="http://www.w3.org/2001/XMLSchema-instance"
    xsi:schemaLocation="http://www.loc.gov/MARC21/slim http://www.loc.gov/standards/marcxml/schema/MARC21slim.xsd"
    xmlns="http://www.loc.gov/MARC21/slim">

  <leader>02031nam0a2200433   4500</leader>
  <controlfield tag="001">RU\NLR\BIBL_A\012386012</controlfield>
  <controlfield tag="005">20201102141936.0</controlfield>
  <datafield tag="010" ind1=" " ind2=" ">
    <subfield code="a">978-5-85803-543-5</subfield>
    <subfield code="9">500</subfield>
  </datafield>
  <datafield tag="021" ind1=" " ind2=" ">
    <subfield code="a">RU</subfield>
    <subfield code="b">&#x41A;&#x41D;-&#x41F;-20-038466</subfield>
    <subfield code="9">&#x41A;&#x41D;-&#x41F;-20-2913</subfield>
  </datafield>
  <datafield tag="035" ind1=" " ind2=" ">
    <subfield code="a">(NLR Aleph) 012386012</subfield>
  </datafield>
  <datafield tag="035" ind1=" " ind2=" ">
    <subfield code="a">(RuMoRGB)010371761</subfield>
  </datafield>
  <datafield tag="090" ind1=" " ind2=" ">
    <subfield code="a">11651855</subfield>
    <subfield code="c">11651855</subfield>
  </datafield>
  <datafield tag="100" ind1=" " ind2=" ">
    <subfield code="a">20201022d2020    k  y0rusy50      ca</subfield>
  </datafield>
  <datafield tag="101" ind1="0" ind2=" ">
    <subfield code="a">rus</subfield>
  </datafield>
  <datafield tag="102" ind1=" " ind2=" ">
    <subfield code="a">RU</subfield>
  </datafield>
  <datafield tag="105" ind1=" " ind2=" ">
    <subfield code="a">c|||z|||000zd</subfield>
  </datafield>
  <datafield tag="181" ind1=" " ind2="0">
    <subfield code="a">i</subfield>
    <subfield code="b">axxe</subfield>
  </datafield>
  <datafield tag="182" ind1=" " ind2="0">
    <subfield code="a">n</subfield>
  </datafield>
  <datafield tag="200" ind1="1" ind2=" ">
    <subfield code="a">&#x41F;&#x44F;&#x442;&#x438;&#x433;&#x43E;&#x440;&#x441;&#x43A;&#x438;&#x439;: &#x441;&#x438;&#x43D;&#x43E;&#x43F;&#x441;&#x438;&#x441; &#x444;&#x438;&#x43B;&#x43E;&#x441;&#x43E;&#x444;&#x441;&#x43A;&#x43E;&#x433;&#x43E; &#x43F;&#x443;&#x442;&#x438;</subfield>
    <subfield code="d">Piatigorsky: synopsis of the philosophical way</subfield>
    <subfield code="f">&#x414;.&#x410;. &#x41A;&#x43E;&#x440;&#x430;&#x431;&#x43B;&#x438;&#x43D;</subfield>
    <subfield code="g">[&#x43F;&#x440;&#x438; &#x443;&#x447;&#x430;&#x441;&#x442;&#x438;&#x438; &#x438; &#x43F;&#x43E;&#x434;&#x434;&#x435;&#x440;&#x436;&#x43A;&#x435; &#x424;&#x43E;&#x43D;&#x434;&#x430; &#x410;&#x43B;&#x435;&#x43A;&#x441;&#x430;&#x43D;&#x434;&#x440;&#x430; &#x41F;&#x44F;&#x442;&#x438;&#x433;&#x43E;&#x440;&#x441;&#x43A;&#x43E;&#x433;&#x43E;]</subfield>
    <subfield code="z">eng</subfield>
  </datafield>
  <datafield tag="203" ind1=" " ind2=" ">
    <subfield code="a">&#x422;&#x435;&#x43A;&#x441;&#x442;</subfield>
    <subfield code="b">&#x432;&#x438;&#x437;&#x443;&#x430;&#x43B;&#x44C;&#x43D;&#x44B;&#x439;</subfield>
    <subfield code="c">&#x43D;&#x435;&#x43F;&#x43E;&#x441;&#x440;&#x435;&#x434;&#x441;&#x442;&#x432;&#x435;&#x43D;&#x43D;&#x44B;&#x439;</subfield>
  </datafield>
  <datafield tag="210" ind1=" " ind2=" ">
    <subfield code="a">&#x421;&#x430;&#x43D;&#x43A;&#x442;-&#x41F;&#x435;&#x442;&#x435;&#x440;&#x431;&#x443;&#x440;&#x433;</subfield>
    <subfield code="c">&#x41F;&#x435;&#x442;&#x435;&#x440;&#x431;&#x443;&#x440;&#x433;&#x441;&#x43A;&#x43E;&#x435; &#x412;&#x43E;&#x441;&#x442;&#x43E;&#x43A;&#x43E;&#x432;&#x435;&#x434;&#x435;&#x43D;&#x438;&#x435;</subfield>
    <subfield code="d">2020</subfield>
  </datafield>
  <datafield tag="215" ind1=" " ind2=" ">
    <subfield code="a">290, [1] &#x441;., [1] &#x43B;. &#x43F;&#x43E;&#x440;&#x442;&#x440;.</subfield>
    <subfield code="d">21</subfield>
  </datafield>
  <datafield tag="300" ind1=" " ind2=" ">
    <subfield code="a">&#x410;&#x432;&#x442;. &#x442;&#x430;&#x43A;&#x436;&#x435; &#x43D;&#x430; &#x430;&#x43D;&#x433;&#x43B;. &#x44F;&#x437;.: Denis Korablin</subfield>
  </datafield>
  <datafield tag="320" ind1=" " ind2=" ">
    <subfield code="a">&#x411;&#x438;&#x431;&#x43B;&#x438;&#x43E;&#x433;&#x440;.: &#x441;. 260-276 &#x438; &#x432; &#x43F;&#x43E;&#x434;&#x441;&#x442;&#x440;&#x43E;&#x447;. &#x43F;&#x440;&#x438;&#x43C;&#x435;&#x447;.</subfield>
  </datafield>
  <datafield tag="320" ind1=" " ind2=" ">
    <subfield code="a">&#x411;&#x438;&#x431;&#x43B;&#x438;&#x43E;&#x433;&#x440;. &#x410;.&#x41C;. &#x41F;&#x44F;&#x442;&#x438;&#x433;&#x43E;&#x440;&#x441;&#x43A;&#x43E;&#x433;&#x43E;: &#x441;. 277-286</subfield>
  </datafield>
  <datafield tag="320" ind1=" " ind2=" ">
    <subfield code="a">&#x420;&#x430;&#x431;&#x43E;&#x442;&#x44B; &#x43E;&#x431; &#x410;.&#x41C;. &#x41F;&#x44F;&#x442;&#x438;&#x433;&#x43E;&#x440;&#x441;&#x43A;&#x43E;&#x43C;: &#x441;. 286-291</subfield>
  </datafield>
  <datafield tag="510" ind1="1" ind2=" ">
    <subfield code="6">z11790</subfield>
    <subfield code="a">Piatigorsky: synopsis of the philosophical way</subfield>
    <subfield code="z">eng</subfield>
  </datafield>
  <datafield tag="600" ind1=" " ind2="1">
    <subfield code="a">&#x41F;&#x44F;&#x442;&#x438;&#x433;&#x43E;&#x440;&#x441;&#x43A;&#x438;&#x439;</subfield>
    <subfield code="b">&#x410;.&#x41C;.</subfield>
    <subfield code="g">&#x410;&#x43B;&#x435;&#x43A;&#x441;&#x430;&#x43D;&#x434;&#x440; &#x41C;&#x43E;&#x438;&#x441;&#x435;&#x435;&#x432;&#x438;&#x447;</subfield>
    <subfield code="f">1929 - 2009</subfield>
    <subfield code="x">&#x424;&#x438;&#x43B;&#x43E;&#x441;&#x43E;&#x444;&#x441;&#x43A;&#x438;&#x435; &#x432;&#x437;&#x433;&#x43B;&#x44F;&#x434;&#x44B;</subfield>
    <subfield code="2">nlr_sh2</subfield>
    <subfield code="3">RU\NLR\AUTH\6601586906</subfield>
  </datafield>
  <datafield tag="686" ind1="1" ind2=" ">
    <subfield code="a">&#x42E;3(2)7</subfield>
  </datafield>
  <datafield tag="686" ind1="1" ind2=" ">
    <subfield code="a">&#x42E;215.0</subfield>
  </datafield>
  <datafield tag="686" ind1="1" ind2=" ">
    <subfield code="a">&#x42D;35-100</subfield>
  </datafield>
  <datafield tag="700" ind1=" " ind2="1">
    <subfield code="a">&#x41A;&#x43E;&#x440;&#x430;&#x431;&#x43B;&#x438;&#x43D;</subfield>
    <subfield code="b">&#x414;. &#x410;.</subfield>
    <subfield code="g">&#x414;&#x435;&#x43D;&#x438;&#x441; &#x410;&#x43B;&#x435;&#x43A;&#x441;&#x430;&#x43D;&#x434;&#x440;&#x43E;&#x432;&#x438;&#x447;</subfield>
  </datafield>
  <datafield tag="702" ind1=" " ind2="1">
    <subfield code="a">&#x41F;&#x44F;&#x442;&#x438;&#x433;&#x43E;&#x440;&#x441;&#x43A;&#x438;&#x439;</subfield>
    <subfield code="b">&#x410;. &#x41C;.</subfield>
    <subfield code="f">1929-2009</subfield>
    <subfield code="g">&#x410;&#x43B;&#x435;&#x43A;&#x441;&#x430;&#x43D;&#x434;&#x440; &#x41C;&#x43E;&#x438;&#x441;&#x435;&#x435;&#x432;&#x438;&#x447;</subfield>
    <subfield code="3">RU\NLR\AUTH\7781164</subfield>
    <subfield code="4">570</subfield>
  </datafield>
  <datafield tag="790" ind1=" " ind2="1">
    <subfield code="6">z11510</subfield>
    <subfield code="a">Korablin</subfield>
    <subfield code="b">D. A.</subfield>
    <subfield code="g">Denis Aleksandrovi&#x10D;</subfield>
  </datafield>
  <datafield tag="942" ind1=" " ind2=" ">
    <subfield code="c">BOOK</subfield>
  </datafield>
  <datafield tag="980" ind1=" " ind2=" ">
    <subfield code="a">NBR</subfield>
  </datafield>
  <datafield tag="980" ind1=" " ind2=" ">
    <subfield code="a">NB</subfield>
  </datafield>
</record>
